100 Famous Artists by Famous Song 3.0 - Statistics

General Stats
  • This quiz has been taken 169 times
  • The average score is 31 of 100
Answer Stats
Song Country Artist % Correct
I Kissed a Girl United States Katy Perry
93%
Girls Just Want To Have Fun United States Cyndi Lauper
86%
Shape of You United Kingdom Ed Sheeran
85%
Chandelier Australia Sia
81%
Wonderwall United Kingdom Oasis
76%
Y.M.C.A. United States Village People
76%
Still D.R.E. United States Dr. Dre
74%
Kiss from a Rose United Kingdom Seal
71%
Go Your Own Way United Kingdom Fleetwood Mac
70%
Havana United States Camila Cabello
68%
Iris United States Goo Goo Dolls
66%
Oh, Pretty Woman United States Roy Orbison
66%
Smoke on the Water United Kingdom Deep Purple
65%
Don't Cha United States The Pussycat Dolls
63%
Free Bird United States Lynyrd Skynyrd
62%
Dynamite South Korea BTS
55%
Pompeii United Kingdom Bastille
51%
As It Was United Kingdom Harry Styles
51%
Sex on Fire United States Kings of Leon
51%
Bleeding Love United Kingdom Leona Lewis
51%
You Oughta Know Canada Alanis Morissette
50%
How to Save a Life United States The Fray
50%
Bills, Bills, Bills United States Destiny's Child
49%
Torn Australia Natalie Imbruglia
49%
Big Girls Don't Cry United States Fergie
48%
Paranoid Android United Kingdom Radiohead
48%
Lola United Kingdom The Kinks
48%
Price Tag United Kingdom Jessie J
46%
Chasing Cars United Kingdom Snow Patrol
46%
Rosanna United States Toto
46%
Someone You Loved United Kingdom Lewis Capaldi
41%
Aqualung United Kingdom Jethro Tull
39%
Fuck Tha Police United States N.W.A
39%
Army of Me Iceland Björk
38%
The Power Of Love Canada Céline Dion
37%
Baker Street United Kingdom Gerry Rafferty
37%
Non, Je Ne Regrette Rien France Edith Piaf
35%
Cracklin' Rosie United States Neil Diamond
35%
Heaven Knows I'm Miserable Now United Kingdom The Smiths
35%
Angel Jamaica Shaggy
33%
Stupid Girl United States Garbage
32%
Fairytale of New York United Kingdom The Pogues
32%
Ready or Not United States Fugees
30%
Rainy Days and Mondays United States Carpenters
29%
The Lovecats United Kingdom The Cure
29%
I Wanna Be Your Dog United States The Stooges
28%
Rhythm Is Gonna Get You United States Gloria Estefan
27%
Escapade United States Janet Jackson
27%
Adam's Song United States Blink-182
24%
Jesus, Take the Wheel United States Carrie Underwood
24%
Mercy United Kingdom Duffy
24%
The Pretender United States Foo Fighters
24%
Shoop United States Salt-N-Pepa
24%
Alors on Dance Belgium Stromae
23%
Everybody United States Backstreet Boys
22%
Ghost Town United Kingdom The Specials
22%
Goodbye My Lover United Kingdom James Blunt
21%
No One Knows United States Queens of the Stone Age
18%
I Don't Want to Talk About It United Kingdom Rod Stewart
18%
Big Spender United Kingdom Shirley Bassey
18%
All These Things That I've Done United States The Killers
18%
Cheri, Cheri Lady Germany Modern Talking
17%
Regulate United States Warren G
17%
Everybody's Changing United Kingdom Keane
16%
Dragostea Din Tei Moldova O-Zone
16%
Leave (Get Out) United States JoJo
15%
Rooster United States Alice in Chains
14%
Moon River United States Andy Williams
14%
Begin The Beguine Spain Julio Iglesias
14%
All the Right Moves United States OneRepublic
14%
Rebellion (Lies) Canada Arcade Fire
12%
Move On Up United States Curtis Mayfield
12%
Ruff Ryder's Anthem United States DMX
11%
Shook Ones, Part II United States Mobb Deep
11%
The Ballad of Mona Lisa United States Panic! At The Disco
11%
Shooting Star United Kingdom Bad Company
10%
Break Ya Neck United States Busta Rhymes
10%
In the Shadows Finland The Rasmus
10%
Wild One United States Faith Hill
9%
Still of the Night United Kingdom Whitesnake
9%
Mensch Germany Herbert Grönemeyer
8%
Ecuador Germany Sash!
8%
Kings and Queens United States 30 Seconds to Mars
7%
On the Beach United Kingdom Chris Rea
7%
I Got Love United States Nate Dogg
7%
Song of The South United States Alabama
6%
Cigarettes and Coffee United States Otis Redding
6%
Lady Laura Brazil Roberto Carlos
6%
Vivimi Italy Laura Pausini
5%
Mr. Rock & Roll United Kingdom Amy Macdonald
4%
In the Cage United Kingdom Genesis
4%
Ooh La La United Kingdom Goldfrapp
4%
Top of the World New Zealand Kimbra
4%
Walk Away United Kingdom Matt Monro
4%
Fight Night United States Migos
4%
Dreams United States The Game
4%
What They Do United States The Roots
4%
L'italiano Italy Toto Cutugno
4%
Oh United States Ciara
3%
Adagio Belgium Lara Fabian
3%
No matching quizzes found
Score Distribution
Percent of People with Each Score
Percentile by Number Answered
Your Score History
You have not taken this quiz